Normal view
MARC view
Entry Personal Name
001 - CONTROL NUMBER
- control field: 207122
003 - CONTROL NUMBER IDENTIFIER
- control field: OSt
005 - DATE AND TIME OF LATEST TRANSACTION
- control field: 20220924133710.0
008 - FIXED-LENGTH DATA ELEMENTS
- fixed length control field: 220924|| aca||aabn | a|a d
040 ## - CATALOGING SOURCE
- Original cataloging agency: OSt
- Transcribing agency: OSt
100 ## - HEADING--PERSONAL NAME
- Personal name: P. Mathivaacaa
670 ## - SOURCE DATA FOUND
- Source citation: Work cat.: (OSt)434809: P. Mathivaacaa , Tamilni 2000, 2005
